00353nam a2200133Ia 4500008004100000020001500041041001200056082001600068100001700084245006400101260002500165300000800190650002100198221030s9999 xx 000 0 und d a0070581142 aEnglish a105.23bDew aD. T. Dewire 0aClient / Server Computing ( DEPARTMENTAL )cby D. T. Dewire bTMHaNew Delhic2005 a339 aCSE Departmental